[Event "40th Olympiad Women"]
[Site "Istanbul TUR"]
[Date "2012.08.31"]
[Round "4.1"]
[Board "2"]
[White "Manakova, Maria"]
[Black "Karavade, Eesha"]
[Result "1-0"]
[WhiteTitle "WGM"]
[BlackTitle "IM"]
[WhiteElo "2304"]
[BlackElo "2371"]
[WhiteTeam "Serbia"]
[BlackTeam "India"]
[WhiteFideId "927007"]
[BlackFideId "5012600"]
[EventDate "2012.08.28"]

1. d4 e6 2. e4 d5 3. Nc3 Bb4 4. a3 Bxc3+ 5. bxc3 dxe4 6. Qg4 Nf6 7. Qxg7 Rg8 8.
Qh6 Nbd7 9. a4 c5 10. a5 Qc7 11. Qd2 Qc6 12. Ne2 b5 13. dxc5 a6 14. Nd4 Qxc5 15.
Ba3 Qg5 16. Nb3 Nd5 17. Qxg5 Rxg5 18. h4 Rg4 19. c4 bxc4 20. Nd2 c3 21. Nc4 f6
22. Nd6+ Kd8 23. Be2 Rxg2 24. Nxe4 Bb7 25. Bf3 Rg7 26. Nxc3 Ne5 27. Bxd5 exd5
28. O-O-O Rd7 29. Na4 Nc4 30. Bb4 d4 31. Rhe1 Bf3 32. Rd3 Bc6 33. Nc5 Ne5 34.
Rxd4 Rxd4 35. Ne6+ Kd7 36. Nxd4 Bd5 37. Rg1 Rg8 38. Rd1 Nc6 39. Nxc6 Kxc6 40.
Rd4 f5 41. c4 Bf7 42. Rd6+ Kc7 43. Rxa6 Bxc4 44. Ra7+ Kc6 45. Rxh7 Rg2 46. Rh6+
Kd5 47. Rd6+ Ke5 48. Rd2 Rg4 49. Be7 Rg7 50. Bd6+ Ke4 51. Kb2 Rh7 52. Kc3 Bf1
53. Rd4+ Kf3 54. Bg3 Rf7 55. Rf4+ Ke2 56. Kd4 Bg2 57. h5 Be4 58. h6 Bd3 59. Rh4
Rh7 60. Be5 Be4 61. f4 Kf3 62. Rh5 Kg4 63. Rg5+ Kh4 64. Bg7 1-0

[Event "40th Olympiad Women"]
[Site "Istanbul TUR"]
[Date "2012.08.31"]
[Round "4.1"]
[Board "3"]
[White "Tania, Sachdev"]
[Black "Rakic, Marija"]
[Result "1-0"]
[WhiteTitle "IM"]
[BlackTitle "WIM"]
[WhiteElo "2379"]
[BlackElo "2300"]
[WhiteTeam "India"]
[BlackTeam "Serbia"]
[WhiteFideId "5007844"]
[BlackFideId "936286"]
[EventDate "2012.08.28"]

1. d4 Nf6 2. c4 e6 3. Nf3 b6 4. g3 Ba6 5. Qc2 Bb7 6. Bg2 c5 7. d5 exd5 8. cxd5
Bxd5 9. Nc3 Bb7 10. Bf4 Nh5 11. Bg5 Be7 12. Bxe7 Qxe7 13. O-O-O Na6 14. e4 Nb4
15. Qd2 O-O 16. Qxd7 Qxd7 17. Rxd7 Bc8 18. Rd6 Be6 19. a3 Rac8 20. Kb1 Nc6 21.
Nd5 Rfe8 22. Rd1 h6 23. Ne1 Nd4 24. Nc3 Nf6 25. f3 Rf8 26. Nc2 Nb3 27. Bf1 Ne8
28. Rxe6 fxe6 29. Bc4 Nc7 30. Bxb3 Rxf3 31. Bc4 Kh8 32. Rd6 Rf2 33. Rc6 Rff8 34.
e5 Nd5 35. Rxe6 Nxc3+ 36. bxc3 Rf3 37. Kb2 Rd8 38. Rc6 Re8 39. e6 g5 40. Rc7 b5
41. Bd5 Rf2 42. Rxc5 a6 43. Kb3 Kg7 44. Rc7+ Kf8 45. Nd4 Re7 46. Rc5 h5 47. Bc6
h4 48. Bd7 1-0

[Event "40th Olympiad Women"]
[Site "Istanbul TUR"]
[Date "2012.08.31"]
[Round "4.1"]
[Board "4"]
[White "Benderac, Ana"]
[Black "Gomes, Mary Ann"]
[Result "1/2-1/2"]
[WhiteTitle "WGM"]
[BlackTitle "WGM"]
[WhiteElo "2266"]
[BlackElo "2396"]
[WhiteTeam "Serbia"]
[BlackTeam "India"]
[WhiteFideId "913464"]
[BlackFideId "5013623"]
[EventDate "2012.08.28"]

1. d4 Nf6 2. Bg5 e6 3. e3 h6 4. Bxf6 Qxf6 5. Bd3 d6 6. Nf3 g6 7. Nbd2 Bg7 8. c3
Nd7 9. Qc2 Qe7 10. h4 Nf6 11. O-O-O Bd7 12. e4 O-O-O 13. Nc4 d5 14. Na5 Nxe4 15.
Bxe4 dxe4 16. Qxe4 c6 17. Ne5 Be8 18. f4 Qd6 19. Nb3 f6 20. Nd3 Bf7 21. g4 Qd5
22. Rhe1 Qxe4 23. Rxe4 f5 24. gxf5 exf5 25. Re7 Bxb3 26. axb3 Bf6 27. Re6 Bxh4
28. Rxg6 h5 29. Rh1 Be7 30. Ne5 Rh7 31. b4 h4 32. Kd2 Kc7 33. Rh3 Rd6 34. Rg1 b6
35. Nc4 Re6 36. Ne5 Rd6 37. Ke3 Bf6 38. Rg8 Rd8 39. Rg6 Rd6 40. Rg8 Rd8 41. Rg6
Rd6 1/2-1/2

[Event "40th Olympiad Women"]
[Site "Istanbul TUR"]
[Date "2012.08.31"]
[Round "4.2"]
[Board "1"]
[White "Kulovana, Eva"]
[Black "Kosintseva, Tatiana"]
[Result "1/2-1/2"]
[WhiteTitle "WGM"]
[BlackTitle "GM"]
[WhiteElo "2259"]
[BlackElo "2530"]
[WhiteTeam "Czech Republic"]
[BlackTeam "Russia"]
[WhiteFideId "318779"]
[BlackFideId "4133471"]
[EventDate "2012.08.28"]

1. e4 c5 2. Nf3 e6 3. b3 a6 4. Bb2 Nc6 5. Qe2 Nf6 6. g3 d6 7. Bg2 Be7 8. O-O O-O
9. c3 d5 10. e5 Nd7 11. d4 b5 12. Nbd2 cxd4 13. cxd4 b4 14. h4 a5 15. Qe3 a4 16.
Rfd1 Nb6 17. Nh2 Na7 18. Bf1 Bd7 19. f4 Nb5 20. Ndf3 Rc8 21. Bd3 Nc3 22. Rf1 Bb5
23. Bxb5 Nxb5 24. Rac1 Qd7 25. Ng4 a3 26. Ba1 Rxc1 27. Rxc1 Rc8 28. Nf2 Rc6 29.
Nd3 Qc7 30. Rxc6 Qxc6 31. Qc1 Qe8 32. Kf2 f6 33. Nfe1 fxe5 34. Nxe5 Nd6 35. Qc6
Ne4+ 36. Kg2 Bd6 37. N1d3 Qxc6 38. Nxc6 h6 39. Ndxb4 g5 40. hxg5 hxg5 41. Nd3
Na8 42. Nd8 Nc7 43. Nb7 gxf4 44. gxf4 Nb5 45. Nbc5 Nec3 46. Nxe6 Nxa2 47. Nec5
Nac3 48. Kf2 Kf7 49. Ke3 Kf6 50. Nb4 Kf5 51. Kd3 a2 52. Kc2 Bxf4 53. Kb2 Be3 54.
Nxa2 Bxd4 55. Nxc3 Bxc3+ 56. Ka2 1/2-1/2

[Event "40th Olympiad Women"]
[Site "Istanbul TUR"]
[Date "2012.08.31"]
[Round "4.2"]
[Board "2"]
[White "Gunina, Valentina"]
[Black "Nemcova, Katerina"]
[Result "1/2-1/2"]
[WhiteTitle "IM"]
[BlackTitle "WGM"]
[WhiteElo "2507"]
[BlackElo "2276"]
[WhiteTeam "Russia"]
[BlackTeam "Czech Republic"]
[WhiteFideId "4167570"]
[BlackFideId "322750"]
[EventDate "2012.08.28"]

1. d4 Nf6 2. c4 e6 3. Nf3 d5 4. Nc3 dxc4 5. e3 a6 6. a4 c5 7. Bxc4 Nc6 8. O-O
Be7 9. Qe2 cxd4 10. Rd1 e5 11. exd4 exd4 12. Nxd4 Nxd4 13. Qe5 Qd6 14. Qxd4 Qxd4
15. Rxd4 Bc5 16. Rd1 Be6 17. Re1 O-O 18. Bxe6 fxe6 19. Rxe6 Ng4 20. Ne4 Ba7 21.
Be3 Nxe3 22. fxe3 Rae8 23. Rxe8 Rxe8 24. Nd6 Rxe3 25. Kh1 Rb3 26. Rc1 h6 27. g3
Bd4 28. Rc7 b5 29. axb5 axb5 30. Rb7 b4 31. Nc4 Bxb2 32. Na5 Ra3 33. Rxb4 Rxa5 1/2-1/2

[Event "40th Olympiad Women"]
[Site "Istanbul TUR"]
[Date "2012.08.31"]
[Round "4.2"]
[Board "3"]
[White "Havlikova, Kristyna"]
[Black "Kosintseva, Nadezhda"]
[Result "0-1"]
[WhiteTitle "WIM"]
[BlackTitle "GM"]
[WhiteElo "2298"]
[BlackElo "2524"]
[WhiteTeam "Czech Republic"]
[BlackTeam "Russia"]
[WhiteFideId "309672"]
[BlackFideId "4134974"]
[EventDate "2012.08.28"]

1. e4 e5 2. Nf3 Nc6 3. Bb5 a6 4. Ba4 Nf6 5. O-O Be7 6. Re1 b5 7. Bb3 O-O 8. a4
b4 9. d3 d6 10. Nbd2 Na5 11. Ba2 c5 12. c3 Rb8 13. Nf1 Bd7 14. Ne3 Qc7 15. Nd2
Be6 16. Ndc4 bxc3 17. bxc3 Rb7 18. Qc2 Rfb8 19. Nxa5 Qxa5 20. Bxe6 fxe6 21. Nc4
Qd8 22. Ba3 Bf8 23. Rab1 Qe8 24. Rxb7 Rxb7 25. h3 Nh5 26. d4 exd4 27. cxd4 Qg6
28. dxc5 Nf4 29. Ne3 dxc5 30. Kh1 Rd7 31. Rb1 Rd8 32. Rb6 h5 33. Rxa6 Rd3 34.
Ra8 Qxe4 35. Rxf8+ Kxf8 36. Qxc5+ Kg8 37. Qf8+ Kh7 38. Bb2 e5 39. Qf5+ Qxf5 40.
Nxf5 Rd1+ 41. Kh2 Nd3 42. Bc3 Nxf2 43. g3 Ne4 0-1

[Event "40th Olympiad Women"]
[Site "Istanbul TUR"]
[Date "2012.08.31"]
[Round "4.2"]
[Board "4"]
[White "Pogonina, Natalija"]
[Black "Olsarova, Karolina"]
[Result "1-0"]
[WhiteTitle "WGM"]
[BlackTitle "WIM"]
[WhiteElo "2448"]
[BlackElo "2267"]
[WhiteTeam "Russia"]
[BlackTeam "Czech Republic"]
[WhiteFideId "4147855"]
[BlackFideId "320242"]
[EventDate "2012.08.28"]

1. e4 e5 2. Nf3 Nc6 3. Bb5 Nf6 4. d3 Bc5 5. c3 O-O 6. Bxc6 bxc6 7. Nxe5 d5 8. d4
Bb6 9. O-O dxe4 10. Bg5 c5 11. Nd2 Bb7 12. dxc5 Bxc5 13. Nb3 Bd6 14. Ng4 Be7 15.
Qxd8 Raxd8 16. Nxf6+ Bxf6 17. Be3 a6 18. Bf4 Rd5 19. Bxc7 Rc8 20. Ba5 Rc4 21.
Bb4 e3 22. Na5 exf2+ 23. Rxf2 Rc7 24. Re1 h5 25. Nxb7 Rxb7 26. Rc2 a5 27. Ba3
Rc7 28. c4 Bd4+ 29. Kh1 Rf5 30. g3 h4 31. gxh4 Rc6 32. b3 Rf4 33. Be7 f6 34. Bd8
Rxh4 35. Bxa5 f5 36. Bc3 Bb6 37. Rg2 g6 38. Rf1 Kf7 39. Be5 Re6 40. Bg3 Rhe4 41.
Rc2 Re2 42. Rxe2 Rxe2 43. b4 Rxa2 44. c5 Bd8 45. c6 Rc2 46. b5 Bb6 47. Bf2 Bxf2
48. Rxf2 Rc1+ 49. Kg2 Ke8 50. Kg3 Rc5 51. Rb2 Kd8 52. Kf4 Rc1 53. Kg5 Rg1+ 54.
Kf6 Kc8 55. Ke5 Rc1 56. Kd6 f4 57. Rf2 g5 58. h4 Rd1+ 59. Kc5 gxh4 60. Rxf4 h3
61. Rh4 Rd3 62. Rh8+ Rd8 63. Rxh3 1-0

[Event "40th Olympiad Women"]
[Site "Istanbul TUR"]
[Date "2012.08.31"]
[Round "4.3"]
[Board "1"]
[White "Borosova, Zuzana"]
[Black "Socko, Monika"]
[Result "0-1"]
[WhiteTitle "WGM"]
[BlackTitle "GM"]
[WhiteElo "2280"]
[BlackElo "2467"]
[WhiteTeam "Slovakia"]
[BlackTeam "Poland"]
[WhiteFideId "14905779"]
[BlackFideId "1106619"]
[EventDate "2012.08.28"]

1. e4 c5 2. Nf3 Nc6 3. d4 cxd4 4. Nxd4 g6 5. c4 Nf6 6. Nc3 Nxd4 7. Qxd4 d6 8.
Bg5 Bg7 9. Be2 O-O 10. Qd2 a5 11. O-O a4 12. Rad1 Be6 13. Qc2 Qa5 14. Bxf6 Bxf6
15. Nd5 Kg7 16. f4 Rfc8 17. Kh1 Bxd5 18. Rxd5 Rc5 19. Bg4 Rxd5 20. cxd5 Qb4 21.
b3 axb3 22. axb3 Ra3 23. Bd1 Qa5 24. Qf2 Qc3 25. Qf3 Qd4 26. g4 Bh4 27. f5 g5
28. f6+ exf6 29. Qe2 Ra1 30. Bc2 Ra2 31. Qd3 Qb2 32. Qf3 Kf8 33. Qxf6 Qxf6 34.
Rxf6 Rxc2 35. Rxd6 Re2 36. Rd8+ Ke7 37. Rb8 Rxe4 38. Rxb7+ Kf6 39. Rb6+ Ke5 40.
d6 Rxg4 0-1

[Event "40th Olympiad Women"]
[Site "Istanbul TUR"]
[Date "2012.08.31"]
[Round "4.3"]
[Board "3"]
[White "Kochetkova, Julia"]
[Black "Zawadzka, Jolanta"]
[Result "1/2-1/2"]
[WhiteTitle "WGM"]
[BlackTitle "WGM"]
[WhiteElo "2305"]
[BlackElo "2377"]
[WhiteTeam "Slovakia"]
[BlackTeam "Poland"]
[WhiteFideId "4139690"]
[BlackFideId "1122320"]
[EventDate "2012.08.28"]

1. e4 c5 2. Nf3 d6 3. d4 cxd4 4. Nxd4 Nf6 5. Nc3 a6 6. Be2 e5 7. Nb3 Be7 8. O-O
O-O 9. Re1 Be6 10. Bf3 Nbd7 11. a4 Rc8 12. Nd2 Qa5 13. Nf1 b5 14. Be3 b4 15. Nb1
Rfd8 16. Nbd2 Qc7 17. Rc1 Nc5 18. Bxc5 dxc5 19. c4 bxc3 20. Rxc3 c4 21. Qe2 Bb4
22. Rc2 Qa5 23. Rec1 c3 24. bxc3 Ba3 25. Ra1 Rxc3 26. Rxc3 Qxc3 27. Rd1 Qc6 28.
Nb1 Be7 29. Rxd8+ Bxd8 30. Qd1 Bb6 31. Nbd2 g6 32. h3 Bd7 33. Qb3 Bd4 34. Nc4
Kg7 35. Nfd2 Qxa4 36. g4 Qa1+ 37. Bd1 Be6 38. Kg2 Bc3 39. Qc2 Bxd2 40. Nxd2 h6
41. Be2 a5 42. Bb5 Qd4 43. Bc6 Bd7 44. Bxd7 Nxd7 45. Nc4 a4 46. Qxa4 Qxe4+ 47.
Kg1 Nc5 48. Qa2 Nd3 49. Nd6 Qf3 50. Qa7 Nc1 51. Kh2 Ne2 52. Ne8+ Kf8 53. Nd6 Nd4
54. Kg1 Kg7 55. Ne8+ Kh7 56. Nd6 Kg7 57. Ne8+ Kg8 58. Nd6 Ne2+ 59. Kh2 e4 60.
Qa8+ Kg7 61. Nxe4 Qf4+ 62. Kg2 Qe5 63. Ng3 Nf4+ 64. Kh2 h5 65. Qe4 Qxe4 66. Nxe4 1/2-1/2

[Event "40th Olympiad Women"]
[Site "Istanbul TUR"]
[Date "2012.08.31"]
[Round "4.3"]
[Board "4"]
[White "Worek, Joanna"]
[Black "Machalova, Veronika"]
[Result "0-1"]
[WhiteTitle "WIM"]
[BlackTitle "WFM"]
[WhiteElo "2287"]
[BlackElo "2222"]
[WhiteTeam "Poland"]
[BlackTeam "Slovakia"]
[WhiteFideId "1118080"]
[BlackFideId "14904888"]
[EventDate "2012.08.28"]

1. d4 Nf6 2. c4 e6 3. Nc3 Bb4 4. e3 O-O 5. Bd3 d5 6. cxd5 exd5 7. Ne2 b6 8. Bd2
Bb7 9. Rc1 c5 10. a3 Bxc3 11. Bxc3 c4 12. Bb1 Re8 13. O-O Nbd7 14. Ng3 Nf8 15.
Re1 Ne4 16. Bxe4 dxe4 17. Bb4 Bd5 18. Bxf8 Kxf8 19. Nh5 b5 20. Nf4 g5 21. Nh5 f5
22. Rf1 Qd6 23. Qd2 Kg8 24. f3 Rf8 25. fxe4 Bxe4 26. Rf2 h6 27. Re1 Rae8 28. Qc3
Qg6 29. Ng3 Bd3 30. b3 Re7 31. Qb4 Rfe8 32. bxc4 bxc4 33. e4 f4 34. Nf5 Qxf5 0-1

[Event "40th Olympiad Women"]
[Site "Istanbul TUR"]
[Date "2012.08.31"]
[Round "4.4"]
[Board "1"]
[White "Skripchenko, Almira"]
[Black "Lujan, Carolina"]
[Result "1/2-1/2"]
[WhiteTitle "IM"]
[BlackTitle "IM"]
[WhiteElo "2442"]
[BlackElo "2368"]
[WhiteTeam "France"]
[BlackTeam "Argentina"]
[WhiteFideId "13900145"]
[BlackFideId "109878"]
[EventDate "2012.08.28"]

1. e4 c5 2. Nc3 a6 3. g3 b5 4. Bg2 Bb7 5. d3 e6 6. Nh3 b4 7. Ne2 d5 8. O-O Nf6
9. e5 Nfd7 10. f4 Be7 11. a3 Qb6 12. axb4 cxb4+ 13. d4 g6 14. Be3 Nc6 15. Nf2 h5
16. Re1 a5 17. b3 Na7 18. h3 Nb5 19. Qd2 Qc6 20. Nd3 Bd8 21. Bf2 Rc8 22. Rec1
Nc3 23. Nxc3 bxc3 24. Qe3 Bb6 25. Ne1 Nb8 26. g4 hxg4 27. hxg4 Qc7 28. Nf3 Nc6
29. Bf1 Nb4 30. Bb5+ Bc6 31. Bxc6+ Qxc6 32. Kg2 Qb5 33. Bg3 Kd7 34. Qf2 Kc7 35.
Rh1 Kb7 36. Rhe1 Rc7 37. Re3 Rhc8 38. Ree1 Rh8 39. Red1 Ra8 40. Ra4 Rh8 41. Raa1
Ra8 42. Ra4 1/2-1/2

[Event "40th Olympiad Women"]
[Site "Istanbul TUR"]
[Date "2012.08.31"]
[Round "4.4"]
[Board "3"]
[White "Maisuradze, Nino"]
[Black "Plazaola, Maria De Los Angeles"]
[Result "1-0"]
[WhiteTitle "WGM"]
[BlackTitle "WIM"]
[WhiteElo "2284"]
[BlackElo "2164"]
[WhiteTeam "France"]
[BlackTeam "Argentina"]
[WhiteFideId "13601717"]
[BlackFideId "113395"]
[EventDate "2012.08.28"]

1. d4 Nf6 2. c4 c5 3. d5 e6 4. Nc3 exd5 5. cxd5 d6 6. e4 g6 7. f4 Bg7 8. Bb5+
Bd7 9. Bd3 O-O 10. Nf3 Re8 11. O-O b5 12. e5 dxe5 13. fxe5 Ng4 14. e6 fxe6 15.
dxe6 Bc6 16. Bxb5 Bxb5 17. Qxd8 Rxd8 18. Nxb5 Nc6 19. Bg5 Bf6 20. Bxf6 Nxf6 21.
Rac1 a6 22. Rxc5 axb5 23. Rxc6 Re8 24. Ng5 Nd5 25. a3 b4 26. axb4 Nxb4 27. Rc7
Nd3 28. h3 Ne5 29. Rff7 1-0

[Event "40th Olympiad Women"]
[Site "Istanbul TUR"]
[Date "2012.08.31"]
[Round "4.4"]
[Board "4"]
[White "Fernandez, Maria Florencia"]
[Black "Collas, Silvia"]
[Result "0-1"]
[BlackTitle "IM"]
[WhiteElo "2160"]
[BlackElo "2261"]
[WhiteTeam "Argentina"]
[BlackTeam "France"]
[WhiteFideId "116459"]
[BlackFideId "2902265"]
[EventDate "2012.08.28"]

1. d4 Nf6 2. c4 e6 3. Nc3 Bb4 4. e3 O-O 5. Bd3 d5 6. Nf3 c5 7. O-O Nc6 8. a3
Bxc3 9. bxc3 Qc7 10. cxd5 exd5 11. a4 Re8 12. Ba3 c4 13. Bc2 Ne4 14. Bxe4 Rxe4
15. Nd2 Re8 16. e4 dxe4 17. Nxc4 Nb4 18. Nd6 Qxd6 19. Bxb4 Qg6 20. Kh1 Bg4 21.
Qd2 Rad8 22. c4 Qh5 23. d5 Re5 24. Ra3 Be2 25. Re1 Bxc4 26. Rh3 Qf5 27. d6 a5
28. Ba3 Rd5 29. Qe3 h6 30. Qb6 Rd7 31. Rc3 Ba6 32. Rc7 Rd3 33. Bc5 Rxc7 34. dxc7
Rc3 35. Rd1 Rxc5 36. Qxc5 Qxc5 37. Rd8+ Kh7 38. c8=Q Qxf2 39. Rh8+ Kg6 40. Qg4+
Kf6 41. h4 Qf5 42. Qg3 Qe5 43. Qe3 Qa1+ 44. Kh2 Qe5+ 45. Kh3 Bc4 46. Qc1 Be6+
47. g4 e3 48. Qf1+ Ke7 49. Qd3 Kf6 50. Qf1+ Kg6 51. Qe1 e2 52. Qb1+ Kf6 53. Qe1
Qe3+ 54. Kh2 Qf4+ 0-1

[Event "40th Olympiad Women"]
[Site "Istanbul TUR"]
[Date "2012.08.31"]
[Round "4.5"]
[Board "2"]
[White "Zhao, Xue"]
[Black "Melamed, Tetyana"]
[Result "1-0"]
[WhiteTitle "GM"]
[BlackTitle "WGM"]
[WhiteElo "2549"]
[BlackElo "2356"]
[WhiteTeam "China"]
[BlackTeam "Germany"]
[WhiteFideId "8601283"]
[BlackFideId "14102145"]
[EventDate "2012.08.28"]

1. d4 Nf6 2. c4 g6 3. Nc3 Bg7 4. e4 d6 5. Nf3 O-O 6. Be2 e5 7. Be3 exd4 8. Nxd4
Re8 9. f3 c6 10. Bf2 d5 11. exd5 cxd5 12. O-O Nc6 13. c5 Bf8 14. Kh1 Bd7 15. a3
Nxd4 16. Bxd4 Nh5 17. Qd2 Bc6 18. Rad1 Qh4 19. Bf2 Qf4 20. Qc2 Qg5 21. Rfe1 Rad8
22. b4 Nf4 23. Bf1 Rxe1 24. Bxe1 d4 25. Ne4 Qf5 26. Bg3 Bg7 27. b5 Bd5 28. Qd2
Ne6 29. Nd6 Qh5 30. Qa5 Be5 31. Bxe5 Qxe5 32. Re1 Qg5 33. Qb4 Qf4 34. Kg1 Nxc5
35. Qxc5 Rxd6 36. Qxa7 Re6 37. Qa5 Kg7 38. Qb4 Rxe1 39. Qxe1 d3 40. Qc3+ Kg8 41.
Qxd3 Qe5 42. f4 Qe6 43. Qd4 Bb3 44. Kf2 Qe7 45. Qc3 Qxa3 46. Kg3 h5 47. Bc4 h4+
48. Kxh4 Qe7+ 49. Kg4 Bd1+ 50. Kg3 Qe4 51. Qd3 Qe1+ 52. Kh3 Kg7 53. Qd4+ f6 54.
Qd7+ Kh6 55. Bg8 Qe3+ 56. g3 Bg4+ 57. Qxg4 1-0

[Event "40th Olympiad Women"]
[Site "Istanbul TUR"]
[Date "2012.08.31"]
[Round "4.5"]
[Board "3"]
[White "Michna, Marta"]
[Black "Ju, Wenjun"]
[Result "1/2-1/2"]
[WhiteTitle "WGM"]
[BlackTitle "WGM"]
[WhiteElo "2380"]
[BlackElo "2528"]
[WhiteTeam "Germany"]
[BlackTeam "China"]
[WhiteFideId "1106686"]
[BlackFideId "8603006"]
[EventDate "2012.08.28"]

1. d4 Nf6 2. Nf3 g6 3. c4 Bg7 4. Nc3 O-O 5. e4 d6 6. Be2 Na6 7. O-O e5 8. Bg5 h6
9. Bh4 c6 10. d5 g5 11. Bg3 Nh5 12. Nd2 Nf4 13. a3 f5 14. exf5 Bxf5 15. dxc6
bxc6 16. Nde4 Nc5 17. Bxf4 Nxe4 18. Nxe4 Bxe4 19. Be3 d5 20. Bc5 Rf4 21. Re1 Bg6
22. cxd5 cxd5 23. Ba6 Qd7 24. g3 Rf7 25. b4 Rd8 26. Rc1 Qf5 27. Bc4 Kh8 28. Bb3
e4 29. Bd4 Kh7 30. Rc6 Rdf8 31. Rf1 Rd8 32. Bxg7 Rxg7 33. Rc5 Rgd7 34. Qd4 Bh5
35. Bd1 Bf3 36. Re1 g4 37. Be2 Qf7 38. Bb5 Re7 39. Rec1 Qg7 40. Qxg7+ Kxg7 41.
Rc7 Rxc7 42. Rxc7+ Kf6 43. Kf1 d4 44. Ke1 e3 45. Bd3 Re8 46. b5 exf2+ 47. Kxf2
Re3 48. Bf1 Rxa3 49. Rh7 Ra2+ 50. Ke1 Kg5 51. Rg7+ Kf6 52. Rh7 Rxh2 53. Rxa7 h5
54. Ra4 Ke5 55. b6 Rb2 56. Bd3 Rxb6 57. Ra5+ Bd5 58. Bc4 Rd6 59. Ke2 Ke6 60. Bd3
Rb6 61. Bg6 Rb3 62. Bxh5 Rxg3 63. Bf7+ Kxf7 64. Rxd5 Re3+ 65. Kd2 Re4 66. Kd3
Re6 67. Rxd4 Rg6 68. Ke2 Ke6 69. Kf2 Kf5 70. Kg3 Ke5 71. Rxg4 Rxg4+ 72. Kxg4 1/2-1/2

[Event "40th Olympiad Women"]
[Site "Istanbul TUR"]
[Date "2012.08.31"]
[Round "4.6"]
[Board "2"]
[White "Khotenashvili, Bela"]
[Black "Linares Napoles, Oleiny"]
[Result "1-0"]
[WhiteTitle "IM"]
[BlackTitle "WGM"]
[WhiteElo "2509"]
[BlackElo "2355"]
[WhiteTeam "Georgia"]
[BlackTeam "Cuba"]
[WhiteFideId "13602640"]
[BlackFideId "3504794"]
[EventDate "2012.08.28"]

1. d4 Nf6 2. c4 e6 3. Nf3 Bb4+ 4. Bd2 Bxd2+ 5. Qxd2 O-O 6. g3 d5 7. Bg2 b6 8.
cxd5 exd5 9. O-O Qe7 10. Rc1 Bb7 11. b4 c6 12. Qb2 a5 13. bxa5 Rxa5 14. Qxb6 Rb5
15. Qa7 Nbd7 16. Qa3 Rb4 17. Nbd2 Ra8 18. Qc3 Rba4 19. Rcb1 R8a7 20. e3 h6 21.
Qc2 Ra3 22. Rb3 c5 23. Rxa3 Rxa3 24. Qb2 Ra7 25. dxc5 Nxc5 26. Nb3 Nce4 27. Qd4
Ra6 28. Nfd2 Bc6 29. a4 Nxd2 30. Nxd2 Qe8 31. a5 Qa8 32. Nb3 Bb5 33. Qb4 Qe8 34.
Nc5 Ra7 35. a6 Qe5 36. Ra3 Bc4 37. Qb6 Qe7 38. h3 Kh7 39. Ra5 d4 40. Qb1+ g6 41.
exd4 Qe2 42. Qc1 Bd5 43. Qe3 Qd1+ 44. Kh2 Bxg2 45. Kxg2 Nd5 46. Qe5 Ne7 47. Rb5
Nc6 48. Qd5 Re7 49. Rb7 Nb4 50. Rxb4 1-0

[Event "40th Olympiad Women"]
[Site "Istanbul TUR"]
[Date "2012.08.31"]
[Round "4.6"]
[Board "3"]
[White "Arribas Robaina, Maritza"]
[Black "Javakhishvili, Lela"]
[Result "0-1"]
[WhiteTitle "WGM"]
[BlackTitle "IM"]
[WhiteElo "2296"]
[BlackElo "2458"]
[WhiteTeam "Cuba"]
[BlackTeam "Georgia"]
[WhiteFideId "3501418"]
[BlackFideId "13601458"]
[EventDate "2012.08.28"]

1. e4 c5 2. Nf3 e6 3. d4 cxd4 4. Nxd4 a6 5. Bd3 Bc5 6. Nb3 Be7 7. Qg4 g6 8. Qe2
d6 9. O-O Nd7 10. c3 Qc7 11. Na3 Ne5 12. Bc2 Nf6 13. Bf4 b5 14. Nd2 O-O 15. Rac1
Bd7 16. Bb1 Qb7 17. Nc2 a5 18. Ne3 Rfe8 19. c4 Bc6 20. c5 Nh5 21. Bxe5 dxe5 22.
g3 Nf6 23. Ng2 Nd7 24. b4 axb4 25. Nb3 f5 26. Rfd1 Nf6 27. f3 fxe4 28. fxe4 Nxe4
29. Qg4 Bf8 30. Nh4 Bh6 31. Nxg6 Be3+ 32. Kf1 Qf7+ 33. Nf4+ Kh8 34. Qh5 Qxh5 35.
Nxh5 Rf8+ 36. Ke1 Bxc1 37. Bxe4 Bxe4 38. Rxc1 Rxa2 0-1

[Event "40th Olympiad Women"]
[Site "Istanbul TUR"]
[Date "2012.08.31"]
[Round "4.6"]
[Board "4"]
[White "Batsiashvili, Nino"]
[Black "Llaudy Pupo, Lisandra"]
[Result "1-0"]
[WhiteTitle "WGM"]
[BlackTitle "WIM"]
[WhiteElo "2432"]
[BlackElo "2264"]
[WhiteTeam "Georgia"]
[BlackTeam "Cuba"]
[WhiteFideId "13602993"]
[BlackFideId "3506487"]
[EventDate "2012.08.28"]

1. d4 Nf6 2. c4 e6 3. Nf3 b6 4. a3 Bb7 5. Nc3 d5 6. cxd5 Nxd5 7. e3 Be7 8. Bb5+
c6 9. Bd3 O-O 10. e4 Nxc3 11. bxc3 c5 12. O-O Nd7 13. a4 Qc7 14. Qe2 Rfe8 15.
Bb2 Rac8 16. Rfd1 c4 17. Bc2 e5 18. d5 a6 19. Rdb1 Ra8 20. Ba3 Bxa3 21. Rxa3 a5
22. Ra2 Ba6 23. Qe3 Rab8 24. Rab2 Rb7 25. h4 Reb8 26. h5 Qd8 27. g3 Qf6 28. Nh4
g6 29. Kg2 Kg7 30. Rh1 h6 31. hxg6 fxg6 32. Bd1 Rh8 33. f4 Nc5 34. Re2 Nd3 35.
fxe5 Qxe5 36. Nf3 Qxc3 37. e5 Qb4 38. Nd4 Nc5 39. Nc6 Qb1 40. Bc2 Qa2 41. Bxg6
Qb3 42. Qf4 1-0

[Event "40th Olympiad Women"]
[Site "Istanbul TUR"]
[Date "2012.08.31"]
[Round "4.7"]
[Board "2"]
[White "Rozic, Vesna"]
[Black "Krush, Irina"]
[Result "0-1"]
[WhiteTitle "WIM"]
[BlackTitle "IM"]
[WhiteElo "2260"]
[BlackElo "2467"]
[WhiteTeam "Slovenia"]
[BlackTeam "United States of America"]
[WhiteFideId "14604000"]
[BlackFideId "2012782"]
[EventDate "2012.08.28"]

1. d4 g6 2. e4 Bg7 3. Nf3 c5 4. c3 cxd4 5. cxd4 d5 6. e5 Bg4 7. Be2 Nc6 8. Nc3
Bxf3 9. Bxf3 e6 10. Be3 Nge7 11. O-O Nf5 12. Bg4 Nxe3 13. fxe3 Qg5 14. Qe2 h5
15. Bh3 a6 16. Rac1 O-O 17. Na4 Rac8 18. Nc5 Qe7 19. Nd3 Nb4 20. Nxb4 Qxb4 21.
Qf2 Qe7 22. g3 Bh6 23. Kh1 Bg5 24. Qf3 Kg7 25. a3 Rh8 26. Bg2 h4 27. g4 Rc7 28.
Rxc7 Qxc7 29. h3 Rd8 30. Kg1 Rd7 31. Qe2 Qc4 32. Qxc4 Bxe3+ 33. Kh1 dxc4 34. Rd1
Bxd4 35. Bxb7 Rxb7 36. Rxd4 Rxb2 37. Rxc4 Rb3 38. Kh2 Rxa3 39. Rc6 Ra5 40. Kg2
Rxe5 41. Rxa6 Re2+ 42. Kf3 Rh2 43. g5 Rxh3+ 44. Kg4 Rh1 45. Ra5 h3 46. Kg3 h2
47. Kg2 Rf1 0-1